000 00832nam a2200217 a 4500
999 _c6363
_d6363
001 6363
003 BD-JhCC
005 20200401134007.0
008 171022s1999 bg |||| ||a| 000 0 mul d
035 _a(BD-JhCC)6363
040 _aBD-JhCC
_dBD-JhCC
041 _aben
082 _a297.1242
_bASS 1999
100 _aআসসিজিস্তানী, ইমাম আবূ দাঊদ সুলায়মান ইবনুল আশ আস (র)
245 _aআবূ দাঊদ শরীফ /
_cইমাম আবূ দাঊদ সুলায়মান ইবনুল আশ আস আসসিজিস্তানী (র)
260 _aঢাকা :
_bইসলামিক ফাউন্ডেশন,
_c1999.
300 _a666 p. :
_c24 cm.
650 _aHadith
942 _2ddc
_cBK
_08